000 00443nam a2200169Ia 4500
003 GCL
008 140319s9999 xx 000 0 eng d
040 _aGCL /
_cGCL
082 0 4 _a892.7
_bV
100 1 _aSANTA MARIA, LUIGI
245 1 0 _aLA LETTERATURA INDONESIANA /
_cSANTA MARIA, LUIGI
260 _a[S.N] :
_bACCADEMIA NAZIONALE DEI LINCEI ،
_c1974
300 _a30 P
650 0 4 _aLITERATURE
650 0 4 _aINDONESIA
942 _2ddc
_cBK
999 _c12487
_d12487